| Tag |
First Indicator |
Second Indicator |
Subfields |
| LEADER |
00000cam a2200000Ia 4500 |
| 001 |
in00002514321 |
| 005 |
20210727090119.0 |
| 006 |
m d |
| 007 |
cr cn||||||||| |
| 008 |
090527s2009 enk sb 000 0 eng d |
| 020 |
|
|
|a 1444309668
|
| 020 |
|
|
|a 9781444309669
|
| 035 |
|
|
|a (OCoLC)352862985
|
| 035 |
|
|
|a (OCoLC)ocn352862985
|
| 035 |
|
|
|a 3496746
|
| 037 |
|
|
|a 10.1002/9781444309669
|b Wiley InterScience
|n http://www3.interscience.wiley.com
|
| 040 |
|
|
|a DG1
|b eng
|c DG1
|d UtOrBLW
|
| 049 |
|
|
|a TEFA
|
| 050 |
1 |
4 |
|a HD2336.3
|b .G58 2009
|
| 082 |
0 |
4 |
|a 331.25/68
|2 22
|
| 245 |
0 |
0 |
|a Gluesing, mobile work, mobile lives /
|c editors, Tracy L. Meerwarth.
|
| 264 |
|
1 |
|a Oxford :
|b Blackwell,
|c [2009]
|
| 264 |
|
4 |
|c ©2009
|
| 336 |
|
|
|a text
|b txt
|2 rdacontent
|
| 337 |
|
|
|a computer
|b c
|2 rdamedia
|
| 338 |
|
|
|a online resource
|b cr
|2 rdacarrier
|
| 500 |
|
|
|a Electronic resource.
|
| 504 |
|
|
|a Includes bibliographical references.
|
| 533 |
|
|
|a Electronic reproduction.
|b Hoboken, N.J. :
|c Wiley InterScience,
|d 2009.
|n Mode of access: World Wide Web.
|n System requirements: Web browser.
|n Title from title screen (viewed on May 20, 2009).
|n Access may be restricted to users at subscribing institutions.
|
| 650 |
|
0 |
|a Mobile communication systems.
|0 http://id.loc.gov/authorities/subjects/sh85086371
|
| 650 |
|
0 |
|a Telecommuting
|x Social aspects.
|
| 655 |
|
7 |
|a Electronic books.
|2 local
|
| 700 |
1 |
|
|a Meerwarth, Tracy L.
|0 http://id.loc.gov/authorities/names/n2009035303
|
| 710 |
2 |
|
|a Wiley InterScience (Online service)
|0 http://id.loc.gov/authorities/names/no00037213
|
| 856 |
4 |
0 |
|3 Wiley InterScience
|u http://proxy.library.tamu.edu/login?url=https://dx.doi.org/10.1002/9781444309669
|z Connect to the full text of this electronic book
|t 0
|
| 994 |
|
|
|a C0
|b TEF
|
| 999 |
|
|
|a MARS
|
| 999 |
f |
f |
|s bd6b7de7-4404-3838-bafa-b7055e2b6821
|i 192d32fb-4ded-3a02-bc47-4f773e065f24
|t 0
|
| 952 |
f |
f |
|a Texas A&M University
|b College Station
|c Electronic Resources
|d Available Online
|t 0
|e HD2336.3 .G58 2009
|h Library of Congress classification
|
| 998 |
f |
f |
|a HD2336.3 .G58 2009
|t 0
|l Available Online
|